How Multimedia Works (Record no. 346584)
[ view plain ]
| 000 -LEADER | |
|---|---|
| fixed length control field | 01077 a2200265 4500 |
| 003 - CONTROL NUMBER IDENTIFIER | |
| control field | OSt |
| 005 - DATE AND TIME OF LATEST TRANSACTION | |
| control field | 20180116182822.0 |
| 008 - FIXED-LENGTH DATA ELEMENTS--GENERAL INFORMATION | |
| fixed length control field | 170721b xxu||||| |||| 00| 0 eng d |
| 020 ## - INTERNATIONAL STANDARD BOOK NUMBER | |
| International Standard Book Number | 1562762087 (paperback) |
| 020 ## - INTERNATIONAL STANDARD BOOK NUMBER | |
| International Standard Book Number | 9781562762087 (paperback) |
| 040 ## - CATALOGING SOURCE | |
| Transcribing agency | 0 |
| 082 04 - DEWEY DECIMAL CLASSIFICATION NUMBER | |
| Classification number | 006.7221 HOL 1994 |
| 100 1# - MAIN ENTRY--PERSONAL NAME | |
| Personal name | Eric.Holsinger |
| 245 10 - TITLE STATEMENT | |
| Title | How Multimedia Works |
| Statement of responsibility, etc. | Eric Holsinger, Nevin Berger. |
| 250 ## - EDITION STATEMENT | |
| Edition statement | 1st ed. |
| 260 ## - PUBLICATION, DISTRIBUTION, ETC. | |
| Place of publication, distribution, etc. | [S.l.] : |
| Name of publisher, distributor, etc. | Ziff-Davis Press, |
| Date of publication, distribution, etc. | 1994. |
| 300 ## - PHYSICAL DESCRIPTION | |
| Extent | 198p. : |
| Other physical details | col. ill. ; pb. |
| Dimensions | 26 cm. |
| 440 ## - SERIES STATEMENT/ADDED ENTRY--TITLE | |
| Title | How Multimedia Works |
| 490 1# - SERIES STATEMENT | |
| Series statement | How it works. |
| 520 ## - SUMMARY, ETC. | |
| Summary, etc. | Stunning graphics and lucid text make this a guide for everyone who is curious about multimedia and how it affects our lives, including multimedia that surrounds us, creating a multimedia project, and technologies used for such special effects as 3D animation. Original. (Beginner). |
| 700 1# - ADDED ENTRY--PERSONAL NAME | |
| Personal name | Berger, Nevin. |
| 830 #0 - SERIES ADDED ENTRY--UNIFORM TITLE | |
| Uniform title | How it works. |
| 856 40 - ELECTRONIC LOCATION AND ACCESS | |
| Materials specified | Amazon.com |
| Uniform Resource Identifier | <a href="http://www.amazon.com/exec/obidos/ASIN/1562762087/chopaconline-20">http://www.amazon.com/exec/obidos/ASIN/1562762087/chopaconline-20</a> |
| 942 ## - ADDED ENTRY ELEMENTS (KOHA) | |
| Institution code [OBSOLETE] | NBS |
| Koha item type | Book |
| Call number prefix | 006.7221 HOL |
| Source of classification or shelving scheme | |
| Withdrawn status | Lost status | Damaged status | Not for loan | Permanent Location | Current Location | Shelving location | Date acquired | Total Checkouts | Full call number | Barcode | Date last seen | Date last checked out | Price effective from | Koha item type |
|---|---|---|---|---|---|---|---|---|---|---|---|---|---|---|
| Central Library (CL) | Central Library (CL) | First Floor - Machine Learning/Computer Graphics | 08/28/2013 | 2 | 006.7221 HOL | NBS674 | 11/22/2017 | 08/01/2017 | 08/28/2013 | Book |
